000 04704cim a22010217a 4500
999 _c58716
001 13811081
003 LIBRIS
005 20210929123848.0
007 sd |||||||m|||
008 130121s2013 sw | ||g||||||| | swe|c
020 _a9789173486927
_qMP3 CD
035 _a(BOKR)9789173486927
035 _a(Bo)517328
040 _aBOKR
_dTkb
_dTkb
_dUdd
_dTkb
_dGbg
_ea
041 _aswe
082 0 4 _a839.73
_222 (machine generated)
084 _aHc.01/LC
_2kssb/8
084 _aHc.01
_2kssb/8
100 1 _aSten, Viveca,
_d1959-
_0https://libris.kb.se/vs69fz3d0lrg4wz#it
245 1 0 _aI farans riktning
_h[Ljudupptagning]
_b[morden i Sandhamn] /
_cViveca Sten.
264 1 _aStockholm :
_bBonnier Audio,
_cp 2013
300 _a1 MP3-CD (12 tim., 30 min)
490 0 _aSandhamnsdeckare
500 _aLjudbok CD (MP3)
511 1 _aInläsare: Katarina Ewerlöf
655 7 _aSkönlitteratur
_0https://id.kb.se/term/saogf/Sk%C3%B6nlitteratur
_2saogf
655 7 _aDeckare
_0https://id.kb.se/term/saogf/Deckare
_2saogf
655 7 _aLjudböcker
_0https://id.kb.se/term/saogf/Ljudb%C3%B6cker
_2saogf
700 1 _aEwerlöf, Katarina
_4nrt
887 _a{"@id":"1kcg2v0c2mb313l","modified":"2016-02-16T12:53:29+01:00","checksum":"139145048525"}
_2librisxl
887 _a{"@id":"ns0m347t2h5rg7m","modified":"2014-04-01T12:20:03+02:00","checksum":"137750992778"}
_2librisxl
887 _a{"@id":"hmtbkz6n4s40z4j","modified":"2013-08-06T09:18:17+02:00","checksum":"157961211475"}
_2librisxl
887 _a{"@id":"z39sqfz41kj9srk","modified":"2013-04-30T14:16:31+02:00","checksum":"120049833409"}
_2librisxl
887 _a{"@id":"gls8crjm0d0lw1f","modified":"2013-01-21T18:23:26+01:00","checksum":"165199739338"}
_2librisxl
887 _a{"@id":"tz5p2p001trl9nc","modified":"2013-07-10T19:22:51+02:00","checksum":"147719488666"}
_2librisxl
887 _a{"@id":"sx5zhx5z109fz42","modified":"2015-06-22T11:07:05+02:00","checksum":"125628758586"}
_2librisxl
887 _a{"@id":"ns0grrlt3885xwd","modified":"2013-07-08T17:25:28+02:00","checksum":"157833713335"}
_2librisxl
887 _a{"@id":"chqmdbqj479kdz9","modified":"2016-01-25T14:21:18+01:00","checksum":"168653669026"}
_2librisxl
887 _a{"@id":"37fzj6q81tt9vhm","modified":"2013-08-02T15:30:35+02:00","checksum":"161607140316"}
_2librisxl
887 _a{"@id":"gls98kmm4w9vsj3","modified":"2013-06-05T18:20:54+02:00","checksum":"120424742022"}
_2librisxl
887 _a{"@id":"sx4mrlfz23vqjkz","modified":"2013-05-24T09:01:13+02:00","checksum":"143626718910"}
_2librisxl
887 _a{"@id":"hmtbjj4n0xjc4hh","modified":"2013-06-13T17:20:32+02:00","checksum":"115164579952"}
_2librisxl
887 _a{"@id":"v06pxcp15vh7gkg","modified":"2013-07-31T12:17:16+02:00","checksum":"121853119798"}
_2librisxl
887 _a{"@id":"m082pxcckf8ks899","modified":"2021-02-01T14:44:19.351+01:00","checksum":"161310288273"}
_2librisxl
900 1 s _6100
_d1959-
_uSten, Viveca,
_d1959-
900 1 s _6100
_d1959-
_uSten, Viveca,
_d1959-
942 _2z
_cAUDIOBOOK